| 000 | 00771nam a2200289 a 4500 | ||
|---|---|---|---|
| 003 | AR-BaBNM | ||
| 005 | 20251128205314.0 | ||
| 008 | 082120s2002 ||||||||||||||000 | spa|| | ||
| 020 | _a84-7046-371-3 | ||
| 040 | _cAR-BaBNM | ||
| 100 | 1 | _aLópez García, Carolina | |
| 245 | 0 | 0 |
_aTren Trotron _bmódulo 1 _n2 |
| 260 |
_aBuenos Aires _bCincel _c1992 |
||
| 300 | _bil. | ||
| 521 | _aINICIAL | ||
| 650 | 4 | _aCOORDINACION SENSOMOTRIZ | |
| 650 | 4 | _aPERCEPCION VISUAL | |
| 650 | 4 | _aEXPRESION ORAL | |
| 650 | 4 | _aACTIVIDADES DE APRENDIZAJE | |
| 653 | _aNIVEL INICIAL | ||
| 653 | _aORGANIZACION DEL ESPACIO ESCOLAR | ||
| 653 | _aEDUCACION PLASTICA | ||
| 700 | 1 | _aMatías Mateos, Consuelo | |
| 700 | 1 | _aRosenvinge Hepworth, Ana | |
| 942 | _cBK | ||
| 998 | _cCarmen | ||
| 999 |
_c10845 _d10845 |
||